Города Курганской области - Statistics

General Stats
  • This quiz has been taken 52 times
  • The average score is 6 of 9
Answer Stats
Население Город % Correct
302 354 Курган
100%
68 609 Шадринск
91%
8502 Петухово
70%
16 264 Шумиха
61%
11 584 Далматово
61%
8252 Щучье
61%
11 881 Катайск
58%
6827 Макушино
58%
14 806 Куртамыш
48%
No matching quizzes found
Score Distribution
Percent of People with Each Score
Percentile by Number Answered
Your Score History
You have not taken this quiz